ARRUPE JESUIT UNIVERSITY

CORONAVIRUS -STOP THE SPREAD - CLEAN,DISINFECT,COVER

Catholic social teaching : (Record no. 119007)

MARC details
000 -LEADER
fixed length control field 00906cam a22002537a 4500
001 - CONTROL NUMBER
control field 16100998
003 - CONTROL NUMBER IDENTIFIER
control field ARRUPE
005 - DATE AND TIME OF LATEST TRANSACTION
control field 20131203173255.0
008 - FIXED-LENGTH DATA ELEMENTS--GENERAL INFORMATION
fixed length control field 100223s2009 rh b 000 0 eng
010 ## - LIBRARY OF CONGRESS CONTROL NUMBER
LC control number 2010307009
040 ## - CATALOGING SOURCE
Original cataloging agency DLC
Transcribing agency DLC
042 ## - AUTHENTICATION CODE
Authentication code lcode
050 00 - LIBRARY OF CONGRESS CALL NUMBER
Classification number BX904.
Item number A257
300 ## - PHYSICAL DESCRIPTION
Dimensions 21 cm.
100 ## - MAIN ENTRY--PERSONAL NAME
Personal name African Forum for Catholic Social Teachings.
9 (RLIN) 4890
245 00 - TITLE STATEMENT
Title Catholic social teaching :
Remainder of title integral to African religious formation.
260 ## - PUBLICATION, DISTRIBUTION, ETC. (IMPRINT)
Place of publication, distribution, etc Mount Pleasant, Harare, Zimbabwe :
Name of publisher, distributor, etc African Forum for Catholic Social Teaching,
Date of publication, distribution, etc 2009.
300 ## - PHYSICAL DESCRIPTION
Extent 16 p. ;
504 ## - BIBLIOGRAPHY, ETC. NOTE
Bibliography, etc Includes bibliographical references.
650 #0 - SUBJECT ADDED ENTRY--TOPICAL TERM
Topical term or geographic name as entry element Church and social problems
General subdivision Catholic Church.
9 (RLIN) 4891
710 2# - ADDED ENTRY--CORPORATE NAME
Corporate name or jurisdiction name as entry element African Forum for Catholic Social Teachings.
9 (RLIN) 4892
906 ## - LOCAL DATA ELEMENT F, LDF (RLIN)
a 7
b cbc
c origode
d 4
e ncip
f 20
g y-gencatlg
942 ## - ADDED ENTRY ELEMENTS (KOHA)
Source of classification or shelving scheme Library of Congress Classification
Koha item type Monograph ( Printed materials)
Holdings
Withdrawn status Lost status Source of classification or shelving scheme Damaged status Not for loan Collection code Home library Current library Shelving location Date acquired Total Checkouts Full call number Barcode Date last seen Price effective from Koha item type
    Library of Congress Classification     Main Collection ARRUPE LIBRARY ARRUPE LIBRARY Main Collection 03/12/2013   BX904. A257 46410889 22/11/2017 03/12/2013 Monograph ( Printed materials)

 

Arrupe Library. PO Box MP320 Mt Pleasant, Harare, Zimbabwe
263 242 745411|librarian@aju.ac.zw